000 00335nam a2200133 i 4500
001 bg
100 1 _aMIRONIUK, JOLANTA.
245 0 _aZarys wybranych zagadnień z historii filozofii.
_nCz.1 /
_cJ. Mironiuk.
260 _aGdynia,
_c1983.
040 _cBPK
041 _apol
942 _cKS
008 s pl f |000 0 pol
999 _c22120
_d22120
856 _uhttp://koha.tu.koszalin.pl/cgi-bin/koha/opac-detail.pl?biblionumber=22120
_yKatalog online BPK